000 00794nam a2200265Ia 4500
003 OSt
005 20220928121914.0
006 a|||||r|||| 00| 0
007 ta
008 220927b |||||||| |||| 00| 0 eng d
020 _c6487.3800000000001
024 _a104305
037 _b89, 19/12/2009, Aviva Books Company
_cTextual
040 _aSDCL
_cSDCL
_beng
041 _2eng
_aeng
082 _aB7:3, P9
100 _aMa Zhien Ed.
_9454764
245 0 _aDynamical modeling and analysis of epidemics
260 _aNew Jersey
_bWorld scientific
_c2009
300 _axiii,498p.
_ccm.
650 _aMathematics
700 _a Li Jia Ed.
_9454765
942 _hB7:3, P9
_cTEXL
_2CC
999 _c768494
_d768494